• 首页
  • 本馆介绍
  • 公告通知
  • 最新文献
  • 馆藏检索
  • 电子资源
  • 读者导购
  • 参考咨询
  • 我的图书馆
  • 登录
  • 详细信息显示
  • 放入我的书架
  • 预约/预借图书
  • 作者相关作品
  • 分类相关作品
  • 丛书相关作品
  • 出版社相关作品

书目信息

  • 表格格式
  • 工作单格式
  • 卡片格式
题名:
防腐蚀涂料与涂装应用
    
 
作者: 刘新 编著
分册:  
出版信息: 北京   化学工业出版社  2008
页数: 727页
开本: 26cm
丛书名:
单 册:
中图分类: TQ637 , TQ639
科图分类:
主题词: 防腐--涂料 , 防腐--涂漆--技术 , 防腐 , 涂料 , 涂漆
电子资源:
ISBN: 978-7-122-01774-1
000 00880nam0 2200277 45
005 20100303144912.68
010    @a978-7-122-01774-1@dCNY98.00
100    @a20100120d2008 em y0chiy0110 ea
101 0  @achi
102    @aCN@b110000
105    @aa z 000yy
106    @ar
200 1  @a防腐蚀涂料与涂装应用@AFang Fu Shi Tu Liao Yu Tu Zhuang Ying Yong@f刘新等编著@FLiu Xin Deng Bian Zhu
210    @a北京@c化学工业出版社@d2008
215    @a727页@c图@d26cm
330    @a本书主要阐述钢结构与混凝土表面的防腐蚀涂料及涂装方面的理论与实践,对最新的涂料技术的发展和应用以及最新的国内外典型涂装工程做了详细介绍。
606 0  @a防腐@x涂料
606 0  @a防腐@x涂漆@x技术
606 0  @a防腐
606 0  @a涂料
606 0  @a涂漆
690    @aTQ637@v4
690    @aTQ639@v4
701  0 @a刘新@ALiu Xin@4编著
801  0 @aCN@bTANGWEI@c20100303
905    @b0584552-56@dTQ637@e30@f5
    
    防腐蚀涂料与涂装应用/刘新等编著.-北京:化学工业出版社,2008
    727页:图;26cm
    
    
    ISBN 978-7-122-01774-1:CNY98.00
    本书主要阐述钢结构与混凝土表面的防腐蚀涂料及涂装方面的理论与实践,对最新的涂料技术的发展和应用以及最新的国内外典型涂装工程做了详细介绍。
●
相关链接 在E读中查询图书 在五车中查询图书 在当当中查询图书 在豆瓣中查询图书


正题名:防腐蚀涂料与涂装应用     索取号:TQ637/30         预约/预借

序号 登录号 条形码 馆藏地/架位号 状态 备注
1 0584552   205845521   第二样本阅览室/ [索取号:TQ637/30] 在馆    
2 0584553   205845530   第三借阅区/ [索取号:TQ637/30] 在馆    
3 0584554   205845549   第三借阅区/ [索取号:TQ637/30] 在馆    
4 0584555   205845558   密集书库-化学系/ [索取号:TQ637/30] 在馆    
5 0584556   205845567   第三借阅区/ [索取号:TQ637/30] 在馆    
唐山师范学院图书馆 欢迎您!
大连网信软件有限公司© 版权所有